| 000 | 00439nam a2200145 i 4500 | ||
|---|---|---|---|
| 001 | 47162 | ||
| 003 | ES-MaACL | ||
| 007 | t| | ||
| 008 | 030404s1926 cu ||||1| spa d | ||
| 100 | 1 |
_aConsuegra, W. J. _940254 |
|
| 245 | 1 | 0 |
_aDiario de campaña _b: Guerra de Independencia 1895-1898 : Habana, Cuba / _cW. J. Consuegra. |
| 260 |
_aHabana : _bFernández Solana y Cia., _c1926. |
||
| 300 |
_a310 p. ; _c23 cm. |
||
| 852 |
_aES-MaACL _jB-5483 |
||
| 999 |
_c47162 _d47162 |
||